000
00270nam a22001337a 4500
999
_c
54965
_d
54965
008
200121b ||||| |||| 00| 0 eng d
041
_a
eng
080
_a
573
082
_a
573
100
_a
11
101
_a
BIO
245
_a
Biologjia 4
_c
Kamberi,N
942
_2
udc
_c
BK